| 000 | 00650nam a2200205 a 4500 | ||
|---|---|---|---|
| 001 | 000014682 | ||
| 005 | 20200929163903.0 | ||
| 008 | 100118s1973 ve 000 0 spa d | ||
| 040 |
_aDO-SdBNP _bspa _cBNPHU |
||
| 082 |
_aB863.44 _bM417d |
||
| 100 | 1 |
_aMassiani, Felipe, _d1905- _933278 |
|
| 245 | 1 | 0 |
_aDinamarca : _bsolamente una pensión / _cFelipe Massiani. |
| 260 |
_aCaracas : _bMonte Ávila, _c1973. |
||
| 300 |
_a142 p. ; _c16 cm. |
||
| 490 | 1 |
_aBiblioteca popular el dorado _v49 |
|
| 650 | 4 |
_aNovela boliviana _925032 |
|
| 650 | 4 |
_aLiteratura boliviana _ySIGLO XX _925033 |
|
| 830 | 0 |
_aBiblioteca popular el dorado ; _v49 _913605 |
|
| 049 | _aBNGR | ||
| 999 |
_c14266 _d14266 |
||